Oscar for Best Film Editing - Statistics

General Stats
  • This quiz has been taken 31 times
  • The average score is 37 of 83
Answer Stats
Year Editor(s) Movie % Correct
1997 Conrad Buff, James Cameron, and Richard A. Harris Titanic
96%
2003 Jamie Selkirk The Lord of the Rings: The Return of the King
87%
2013 Alfonso Cuaron and Mark Sanger Gravity
83%
1998 Michael Kahn Saving Private Ryan
83%
2012 William Goldenberg Argo
78%
2002 Martin Walsh Chicago
78%
2006 Thelma Schoonmaker The Departed
78%
1959 Ralph E. Winters and John D. Dunning Ben-Hur
74%
2005 Hughes Winborne Crash
74%
1994 Arthur Schmidt Forrest Gump
70%
1982 John Bloom Gandhi
70%
1939 Hal C. Kern and James E. Newcom Gone with the Wind
70%
1996 Walter Murch The English Patient
70%
1958 Adrienne Fazan Gigi
65%
2015 Margaret Sixel Mad Max: Fury Road
65%
1993 Michael Kahn Schindler's List
65%
2008 Chris Dickens Slumdog Millionaire
65%
2004 Thelma Schoonmaker The Aviator
65%
2009 Chris Innis and Bob Murawski The Hurt Locker
65%
2000 Stephen Mirrione Traffic
65%
1992 Joel Cox Unforgiven
65%
1961 Thomas Stanford West Side Story
65%
1990 Neil Travis Dances with Wolves
61%
1962 Anne V. Coates Lawrence of Arabia
61%
1981 Michael Kahn Raiders of the Lost Ark
61%
1977 Paul Hirsch, Marcia Lucas, and Richard Chew Star Wars
61%
1972 David Bretherton Cabaret
57%
1954 Gene Milford On the Waterfront
57%
1986 Claire Simpson Platoon
57%
1971 Gerald B. Greenberg The French Connection
57%
1970 Hugh S. Fowler Patton
52%
1980 Thelma Schoonmaker Raging Bull
52%
2010 Kirk Baxter and Angus Wall The Social Network
52%
1965 William H. Reynolds The Sound of Music
52%
2014 Tom Cross Whiplash
52%
1967 Hal Ashby In the Heat of the Night
48%
1975 Verna Fields Jaws
48%
1964 Cotton Warburton Mary Poppins
48%
1976 Richard Halsey and Scott Conrad Rocky
48%
1960 Daniel Mandell The Apartment
48%
1957 Peter Taylor The Bridge on the River Kwai
48%
2011 Kirk Baxter and Angus Wall The Girl with the Dragon Tattoo
48%
1987 Gabriella Cristiani The Last Emperor
48%
1973 William H. Reynolds The Sting
48%
2016 John Gilbert Hacksaw Ridge
43%
1978 Peter Zinner The Deer Hunter
43%
1999 Zach Staenberg The Matrix
43%
1989 David Brenner and Joe Hutshing Born on the Fourth of July
39%
1946 Daniel Mandell The Best Years of Our Lives
39%
1953 William A. Lyon From Here to Eternity
35%
2007 Christopher Rouse The Bourne Ultimatum
35%
1969 Francoise Bonnot Z
35%
1956 Gene Ruggiero and Paul Weatherwax Around the World in 80 Days
30%
2001 Pietro Scalia Black Hawk Down
30%
1991 Joe Hutshing and Pietro Scalia JFK
30%
1983 Glenn Farr, Lisa Fruchtman, Stephan A. Rotter, Douglas Stewart, and Tom Rolf The Right Stuff
30%
1979 Alan Heim All That Jazz
26%
1995 Mike Hill and Daniel P. Hanley Apollo 13
26%
1974 Carl and Harold F. Kress The Towering Inferno
26%
1951 William Hornbeck A Place in the Sun
22%
1968 Frank P. Keller Bullitt
22%
1966 Fredric Steinkamp, Henry Berman, Stewart Linder, and Frank Santillo Grand Prix
22%
1952 Elmo Williams and Harry W. Gerstad High Noon
22%
1984 Jim Clark The Killing Fields
22%
1935 Ralph Dawson A Midsummer Night's Dream
17%
1963 Harold F. Kress How the West Was Won
17%
1950 Conrad A. Nervig King Solomon's Mines
17%
1955 Charles Nelson and William A. Lyon Picnic
17%
1938 Ralph Dawson The Adventures of Robin Hood
17%
1944 Barbara McLean Wilson
17%
1943 George Amy Air Force
13%
1936 Ralph Dawson Anthony Adverse
13%
1947 Francis Lyon and Robert Parrish Body and Soul
13%
1949 Harry W. Gerstad Champion
13%
1934 Conrad A. Nervig Eskimo
13%
1937 Gene Havlick and Gene Milford Lost Horizon
13%
1945 Robert J. Kern National Velvet
13%
1940 Anne Bauchens North West Mounted Police
13%
1941 William Holmes Sergeant York
13%
1948 Paul Weatherwax The Naked City
13%
1942 Daniel Mandell The Pride of the Yankees
13%
1988 Arthur Schmidt Who Framed Roger Rabbit
13%
1985 Thom Noble Witness
13%
No matching quizzes found
Score Distribution
Percent of People with Each Score
Percentile by Number Answered
Your Score History
You have not taken this quiz